000 00359 a2200109 4500
001 ART_10153
005 20260410161848.0
008 260409a
245 1 0 _aInversión privada extranjera, desarrollo industrial y comercio internacional
100 1 _aVillanueva, Javier
773 0 _tEconómica
_g- Año XV, Nº 2 (may./ago. 1969)
_wREV7541
999 _c24711
_d24711